000 00393nam a2200157Ia 4500
005 20250620015613.0
008 240331s9999 xx 000 0 und d
020 _a9552009057
082 _bJAY
_a324
100 _aJayawardene, K
245 0 _aIndiyanu deshapalanaya
260 _aColombo
_bS Godage & Brothers
_c1993
300 _a118 p .,
500 _aA book on Indian Politics
942 _cL
999 _c2527
_d2527